Dragon Ball Z: Z Fighters Quiz Stats

 Plays Quiz not verified by Sporcle

Score 0/9 Timer 00:30
0 Plays Today
% Correct
Goku
94.2%
Krillin
93.4%
Vegeta
93.4%
Piccolo
93.2%
Trunks
92.7%
Tien Shinhan
92.4%
Chiaotzu
91.9%
Yamcha
91.2%
Gohan
87.7%

You're not logged in!

Compare scores with friends on all Sporcle quizzes.
OR
Log In

Sporcle TV

Today on Sporcle TV


Watch our educational content, quiz creation guides, and fun videos on Sporcle TV.

Show Comments

Extras

Top Quizzes Today


Score Distribution

Your Account Isn't Verified!

In order to create a playlist on Sporcle, you need to verify the email address you used during registration. Go to your Sporcle Settings to finish the process.

Report this User

Report this user for behavior that violates our Community Guidelines.

Details: